[Event "Ljubljana-chT 64th Superliga"]
[Site "Ljubljana"]
[Date "2011.02.10"]
[Round "4.3"]
[White "Arcon, Denis"]
[Black "Kolar, Srecko"]
[Result "0-1"]
[WhiteElo "2138"]
[BlackElo "2157"]
[PlyCount "62"]
[EventDate "2011.01.13"]
[EventType "team-tourn"]
[EventRounds "9"]
[EventCountry "SLO"]
[SourceTitle "EXT 2022"]
[Source "ChessBase"]
[SourceDate "2021.10.06"]
[SourceVersion "1"]
[SourceVersionDate "2021.10.06"]
[SourceQuality "1"]
[WhiteTeam "Mentor"]
[BlackTeam "Podpec MKK"]
[WhiteTeamCountry "SLO"]
[BlackTeamCountry "SLO"]

1. d4 Nf6 2. c4 e6 3. Nf3 d5 4. cxd5 exd5 5. Nc3 c6 6. Bg5 Nbd7 7. e3 Bd6 8. Bd3 0-0 9. Qc2 Qc7 10. 0-0 Re8 11. Rab1 a6 12. b4 Nf8 13. Bxf6 gxf6 14. h3 Qe7 15. a3 Ng6 16. Na4 Be6 17. Nc5 Kg7 18. a4 Rac8 19. Qb2 Rg8 20. Nxe6+ fxe6 21. b5 cxb5 22. axb5 a5 23. Ra1 b6 24. Qb3 Bb8 25. Rfc1 Qd6 26. Qd1 Kh8 27. Rxc8 Rxc8 28. Rc1 Rxc1 29. Qxc1 Ne7 30. e4 dxe4 31. Qh6 Ng8 0-1

[Event "Nova Gorica op-A 16th"]
[Site "Nova Gorica"]
[Date "2011.01.31"]
[Round "6"]
[White "Suc, Timothy"]
[Black "Kolar, Srecko"]
[Result "0-1"]
[WhiteElo "2042"]
[BlackElo "2157"]
[PlyCount "60"]
[EventDate "2011.01.28"]
[EventType "swiss"]
[EventRounds "9"]
[EventCountry "SLO"]
[SourceTitle "CBM 140 Extra"]
[Source "ChessBase"]
[SourceDate "2011.03.01"]
[SourceVersion "1"]
[SourceVersionDate "2011.03.01"]
[SourceQuality "1"]

1. c4 Nf6 2. g3 g6 3. Bg2 Bg7 4. Nc3 0-0 5. Nf3 c6 6. e4 d6 7. d4 Qa5 8. 0-0 e5 9. h3 Nbd7 10. Re1 Re8 11. Be3 exd4 12. Nxd4 Nc5 13. Bf4 Bf8 14. a3 Qd8 15. b4 Ne6 16. Be3 Nd7 17. Ra2 Ne5 18. Bf1 Nxd4 19. Bxd4 Be6 20. Bxe5 dxe5 21. Rd2 Qc8 22. Kh2 a5 23. c5 axb4 24. axb4 h5 25. Na4 Qc7 26. Nb6 Rad8 27. Nc4 Rxd2 28. Qxd2 Rd8 29. Qg5 Rd4 30. Nxe5 Be7 0-1

[Event "Nova Gorica op-A 16th"]
[Site "Nova Gorica"]
[Date "2011.01.30"]
[Round "5"]
[White "Kolar, Srecko"]
[Black "Kolaric, Spela"]
[Result "0-1"]
[WhiteElo "2157"]
[BlackElo "2049"]
[PlyCount "118"]
[EventDate "2011.01.28"]
[EventType "swiss"]
[EventRounds "9"]
[EventCountry "SLO"]
[SourceTitle "CBM 140 Extra"]
[Source "ChessBase"]
[SourceDate "2011.03.01"]
[SourceVersion "1"]
[SourceVersionDate "2011.03.01"]
[SourceQuality "1"]

1. e4 c5 2. Nf3 e6 3. d4 cxd4 4. Nxd4 a6 5. Bd3 Nf6 6. 0-0 Qc7 7. Qe2 d6 8. Kh1 Be7 9. f4 Nbd7 10. b3 b6 11. Bb2 Bb7 12. Nd2 g6 13. N4f3 0-0 14. e5 Nh5 15. Qe3 d5 16. f5 exf5 17. Qh6 Ng7 18. e6 Nxe6 19. Rae1 Bf6 20. Bxf6 Nxf6 21. Bxf5 Qf4 22. Qxf4 Nxf4 23. Nd4 Nxg2 24. Re7 Ne3 25. Rxe3 gxf5 26. Rxf5 Ne4 27. Nxe4 dxe4 28. Rf6 b5 29. Nf5 Rad8 30. Rg3+ Kh8 31. Nd6 Rd7 32. Kg1 Bd5 33. Kf2 Rg8 34. c4 Rxg3 35. hxg3 Kg7 36. Ne8+ Kf8 37. cxd5 Kxe8 38. Rxa6 Rxd5 39. Ke3 f5 40. Kf4 Kf7 41. g4 fxg4 42. Kxg4 e3 43. Kf3 Re5 44. Ke2 h5 45. a4 bxa4 46. Rxa4 Kg6 47. Ra2 Kf5 48. Kf3 h4 49. Re2 h3 50. b4 Kg5 51. Kg3 Kf5 52. Kf3 Ke6 53. Kg3 Kd5 54. b5 Kd4 55. b6 Rb5 56. Ra2 Rxb6 57. Kxh3 Rg6 58. Ra4+ Kd3 59. Ra3+ Ke2 0-1

[Event "Nova Gorica op-A 16th"]
[Site "Nova Gorica"]
[Date "2011.01.29"]
[Round "2"]
[White "Petrovic, Marko"]
[Black "Kolar, Srecko"]
[Result "0-1"]
[WhiteElo "1982"]
[BlackElo "2157"]
[PlyCount "92"]
[EventDate "2011.01.28"]
[EventType "swiss"]
[EventRounds "9"]
[EventCountry "SLO"]
[SourceTitle "CBM 140 Extra"]
[Source "ChessBase"]
[SourceDate "2011.03.01"]
[SourceVersion "1"]
[SourceVersionDate "2011.03.01"]
[SourceQuality "1"]

1. c4 e5 2. Nc3 Nf6 3. g3 Bb4 4. Bg2 0-0 5. Nf3 Re8 6. 0-0 Nc6 7. a3 Bf8 8. d4 d6 9. d5 Ne7 10. h3 Nd7 11. e4 a5 12. Rb1 Nb6 13. c5 dxc5 14. Nxe5 Nexd5 15. exd5 Rxe5 16. f4 Re8 17. f5 Nd7 18. g4 Bd6 19. g5 f6 20. Ne4 Be5 21. h4 Re7 22. Be3 Bd6 23. Qc2 b6 24. Bf4 Be5 25. d6 cxd6 26. Nxf6+ gxf6 27. Qc4+ Kh8 28. Bxa8 Bxf4 29. Rxf4 Ne5 30. Qd5 Rg7 31. Qg2 Ba6 32. Be4 d5 33. Bxd5 Nd3 34. Rg4 Ne5 35. Rg3 Rd7 36. Ba8 Rd2 37. Qe4 Rd4 38. Qg2 Rd2 39. Qe4 Bd3 40. Rxd3 Rxd3 41. g6 Rd4 42. Qb7 hxg6 43. fxg6 Rg4+ 44. Kh1 Rxh4+ 45. Kg2 Qd2+ 46. Kg1 Rg4+ 0-1

[Event "SLO-chT Central Superliga 11th"]
[Site "Slovenia"]
[Date "2010.11.05"]
[Round "7.4"]
[White "Kolar, Srecko"]
[Black "Kastelic, Anton"]
[Result "1-0"]
[WhiteElo "2166"]
[BlackElo "1648"]
[PlyCount "69"]
[EventDate "2010.09.09"]
[EventType "team-tourn"]
[EventRounds "9"]
[EventCountry "SLO"]
[SourceTitle "EXT 2022"]
[Source "ChessBase"]
[SourceDate "2021.10.06"]
[SourceVersion "1"]
[SourceVersionDate "2021.10.06"]
[SourceQuality "1"]
[WhiteTeam "Podpec Isoglas"]
[BlackTeam "Visnja Gora Sticna"]
[WhiteTeamCountry "SLO"]
[BlackTeamCountry "SLO"]

1. e4 Nc6 2. Nf3 d6 3. d4 e5 4. Bc4 Be7 5. c3 Nf6 6. Nbd2 0-0 7. h3 exd4 8. cxd4 d5 9. exd5 Nxd5 10. Nb3 b6 11. 0-0 Bf5 12. a3 Be4 13. Re1 Nf6 14. Bg5 Bg6 15. d5 Na5 16. Nxa5 bxa5 17. Ne5 Bc5 18. Qf3 Rb8 19. Nc6 Qd7 20. Bxf6 Rb6 21. Bc3 a4 22. Re2 Rxc6 23. dxc6 Qc8 24. Rae1 Kh8 25. h4 f6 26. h5 Be8 27. h6 Bg6 28. Be6 Qd8 29. hxg7+ Kxg7 30. Bd7 Bd6 31. Re6 Be5 32. R1xe5 fxe5 33. Bxe5+ Kh6 34. Qe3+ Kh5 35. g4+ 1-0

[Event "Konjice op"]
[Site "Konjice"]
[Date "2009.04.04"]
[Round "8"]
[White "Kolar, Srecko"]
[Black "Kralj, Samo"]
[Result "1-0"]
[WhiteElo "2170"]
[BlackElo "1713"]
[PlyCount "86"]
[EventDate "2009.03.26"]
[EventType "swiss"]
[EventRounds "9"]
[EventCountry "SLO"]
[SourceTitle "CBM 129 Extra"]
[Source "ChessBase"]
[SourceDate "2009.05.05"]
[SourceVersion "2"]
[SourceVersionDate "2009.05.20"]
[SourceQuality "1"]

1. e4 d5 2. Nc3 d4 3. Nce2 e5 4. f4 Nc6 5. Nf3 Bd6 6. d3 Bg4 7. f5 g6 8. Ng3 f6 9. Be2 Bxf3 10. Bxf3 Qe7 11. 0-0 0-0-0 12. a3 Qg7 13. b4 Nge7 14. Rb1 Nb8 15. a4 Nd7 16. Qd2 h6 17. fxg6 Qxg6 18. Qe2 Nb6 19. a5 Nd7 20. b5 Rdg8 21. Bh5 Qg7 22. Bd2 Nf8 23. Qf3 Nh7 24. Rf2 Rf8 25. Qg4+ Qxg4 26. Bxg4+ Kb8 27. Bxh6 Rfg8 28. Be6 Rg6 29. Bd2 Nf8 30. Bf7 Rg7 31. Rxf6 Rgh7 32. h3 Nd7 33. Rf2 Rg7 34. Kh2 Ng6 35. Bxg6 Rxg6 36. Rf7 Nf6 37. Nf5 Bc5 38. Rg7 Rg8 39. Rxg8+ Rxg8 40. g4 a6 41. bxa6 b6 42. axb6 cxb6 43. Bb4 Rc8 1-0

[Event "Konjice op"]
[Site "Konjice"]
[Date "2009.03.26"]
[Round "1"]
[White "Kolar, Srecko"]
[Black "Janzekovic, Klemen Tilen"]
[Result "1-0"]
[WhiteElo "2170"]
[BlackElo "1791"]
[PlyCount "63"]
[EventDate "2009.03.26"]
[EventType "swiss"]
[EventRounds "9"]
[EventCountry "SLO"]
[SourceTitle "CBM 129 Extra"]
[Source "ChessBase"]
[SourceDate "2009.05.05"]
[SourceVersion "2"]
[SourceVersionDate "2009.05.20"]
[SourceQuality "1"]

1. e4 e5 2. Nf3 Nc6 3. Bb5 a6 4. Bxc6 dxc6 5. 0-0 f6 6. d4 exd4 7. Nxd4 c5 8. Nb3 Qxd1 9. Rxd1 Be6 10. Bf4 Rd8 11. Nc3 Rxd1+ 12. Rxd1 Bxb3 13. axb3 c6 14. Bc7 Be7 15. Bb6 Nh6 16. Na4 Nf7 17. Nxc5 Bxc5 18. Bxc5 Ne5 19. f4 Nd7 20. Be3 Ke7 21. Kf2 Rf8 22. g4 Ke6 23. h4 h5 24. g5 fxg5 25. f5+ Ke7 26. Bxg5+ Ke8 27. Rd6 Nf6 28. Kf3 a5 29. c4 Ng4 30. Kf4 Nf2 31. Ke5 Nh3 32. Be3 1-0

[Event "Ljubljana-chT 62nd 1st League"]
[Site "Ljubljana"]
[Date "2009.03.05"]
[Round "8.1"]
[White "Novakovic, Perica"]
[Black "Kolar, Srecko"]
[Result "0-1"]
[WhiteElo "1630"]
[BlackElo "2170"]
[PlyCount "36"]
[EventDate "2009.01.08"]
[EventType "team-tourn"]
[EventRounds "9"]
[EventCountry "SLO"]
[SourceTitle "EXT 2022"]
[Source "ChessBase"]
[SourceDate "2021.10.06"]
[SourceVersion "1"]
[SourceVersionDate "2021.10.06"]
[SourceQuality "1"]
[WhiteTeam "Zeleznicar"]
[BlackTeam "Podpec Senozeti"]
[WhiteTeamCountry "SLO"]
[BlackTeamCountry "SLO"]

1. e4 e5 2. Nf3 Nc6 3. Bc4 Nf6 4. Nc3 Nxe4 5. Bxf7+ Kxf7 6. Nxe4 d5 7. Ng3 e4 8. Ng1 h5 9. d3 h4 10. N3e2 Bf5 11. dxe4 dxe4 12. Qxd8 Rxd8 13. Bd2 Bc5 14. Nc3 Bxf2+ 15. Kxf2 Rxd2+ 16. Nge2 Rxc2 17. Nd5 Nd4 18. Rhe1 Rc4 0-1

[Event "Ptuj op"]
[Site "Ptuj"]
[Date "2008.08.14"]
[Round "7"]
[White "Kolar, Srecko"]
[Black "Biti, Ozren"]
[Result "1-0"]
[WhiteElo "2139"]
[BlackElo "2384"]
[PlyCount "109"]
[EventDate "2008.08.09"]
[EventType "swiss"]
[EventRounds "9"]
[EventCountry "SLO"]
[SourceTitle "CBM 125 Extra"]
[Source "ChessBase"]
[SourceDate "2008.09.01"]
[SourceVersion "1"]
[SourceVersionDate "2008.09.01"]
[SourceQuality "1"]

1. e4 d6 2. d4 Nf6 3. Nc3 e5 4. Nge2 Be7 5. g3 c6 6. Bg2 b5 7. a3 0-0 8. 0-0 Nbd7 9. h3 a5 10. f4 Bb7 11. Kh2 b4 12. Na4 Ba6 13. Re1 c5 14. dxc5 dxc5 15. b3 Qc7 16. c4 Bb7 17. Qc2 Bc6 18. Nb2 Qb7 19. fxe5 Nxe5 20. Nf4 Bd6 21. a4 Rae8 22. Nd5 Nh5 23. Re3 Ng6 24. Nd3 Qb8 25. Qf2 Bxd5 26. cxd5 f5 27. exf5 Nh4 28. Nf4 Nxf4 29. Rxe8 Rxe8 30. Bxf4 Bxf4 31. gxf4 Nxf5 32. Rc1 g5 33. Rc4 Nd4 34. Rxc5 Qxf4+ 35. Qxf4 gxf4 36. d6 Rd8 37. Rxa5 f3 38. Bf1 Rxd6 39. Bc4+ Kf8 40. Rd5 Ke7 41. Rxd6 Kxd6 42. Kg3 Nc6 43. Bg8 h6 44. Kxf3 Ke5 45. Kg4 Kf6 46. Bd5 Ne7 47. Bb7 Ke5 48. a5 Kd6 49. Kh5 Kc5 50. Be4 Kb5 51. Kxh6 Nc8 52. h4 Nd6 53. Bd3+ Kxa5 54. Kg6 Nb7 55. h5 1-0

[Event "Sentjur Ipavec Memorial 8th"]
[Site "Sentjur"]
[Date "2007.12.08"]
[Round "2"]
[White "Kolar, Srecko"]
[Black "Gorsek, Gregor"]
[Result "1-0"]
[WhiteElo "2146"]
[BlackElo "1921"]
[PlyCount "51"]
[EventDate "2007.12.08"]
[EventType "swiss"]
[EventRounds "9"]
[EventCountry "SLO"]
[SourceTitle "EXT 2010"]
[Source "ChessBase"]
[SourceDate "2010.11.25"]
[SourceVersion "1"]
[SourceVersionDate "2010.11.25"]
[SourceQuality "1"]

1. e4 g6 2. d4 Bg7 3. c3 d6 4. Bg5 Nf6 5. Nd2 0-0 6. f4 b6 7. Bd3 Bb7 8. Ngf3 d5 9. Qe2 dxe4 10. Nxe4 Nbd7 11. Nfd2 Nxe4 12. Nxe4 Nf6 13. 0-0 Nxe4 14. Bxe4 Bxe4 15. Qxe4 Bf6 16. Bh6 Bg7 17. Bxg7 Kxg7 18. f5 Qd6 19. Rae1 Rae8 20. Re3 h6 21. Qg4 h5 22. Qe2 c5 23. f6+ Kh7 24. fxe7 Rg8 25. Rxf7+ Rg7 26. Re6 1-0

[Event "Sentjur Ipavec Memorial 8th"]
[Site "Sentjur"]
[Date "2007.12.08"]
[Round "1"]
[White "Vrankic, Zeljko"]
[Black "Kolar, Srecko"]
[Result "1/2-1/2"]
[WhiteElo "1978"]
[BlackElo "2146"]
[PlyCount "119"]
[EventDate "2007.12.08"]
[EventType "swiss"]
[EventRounds "9"]
[EventCountry "SLO"]
[SourceTitle "EXT 2010"]
[Source "ChessBase"]
[SourceDate "2010.11.25"]
[SourceVersion "1"]
[SourceVersionDate "2010.11.25"]
[SourceQuality "1"]

1. e4 c6 2. d4 d5 3. exd5 cxd5 4. Bd3 g6 5. Bf4 Bg7 6. c3 Nh6 7. Nf3 0-0 8. 0-0 Nc6 9. Nbd2 f6 10. Re1 Nf7 11. Bg3 a6 12. h3 e5 13. dxe5 fxe5 14. Nh2 Nh6 15. Ng4 Nxg4 16. hxg4 e4 17. Be2 Be5 18. Nf1 Be6 19. Bxe5 Nxe5 20. Ne3 Qf6 21. Rf1 Rad8 22. Qd4 Qg5 23. Qb6 Bc8 24. Rad1 Nf7 25. Qc5 Be6 26. Qb6 Qe7 27. Rd2 Ne5 28. Rfd1 Rd6 29. Qb4 Qd7 30. Nc4 Nxc4 31. Bxc4 b5 32. Bb3 Rd8 33. Qd4 Bf7 34. f3 exf3 35. gxf3 Qe7 36. Kg2 Re6 37. Kg3 Re5 38. Bc2 Re8 39. Rf1 h5 40. Rh2 Qd6 41. Kg2 Re2+ 42. Rf2 R8e5 43. Bd3 Rxf2+ 44. Qxf2 hxg4 45. fxg4 Qe7 46. Qh4 Qxh4 47. Rxh4 Kg7 48. Kf2 Be6 49. a4 Bd7 50. axb5 axb5 51. Rh1 Re8 52. Re1 Rxe1 53. Kxe1 Kf6 54. Kf2 g5 55. Be2 Ke6 56. Ke3 Ke5 57. Bd1 Bc6 58. Be2 Bd7 59. Bd1 Be8 60. Be2 1/2-1/2

[Event "Senta op-A 11th"]
[Site "Senta"]
[Date "2007.07.21"]
[Round "1"]
[White "Kolar, Srecko"]
[Black "Tosic, Miroslav"]
[Result "1/2-1/2"]
[WhiteElo "2151"]
[BlackElo "2437"]
[PlyCount "34"]
[EventDate "2007.07.21"]
[EventType "swiss"]
[EventRounds "9"]
[EventCountry "YUG"]
[SourceTitle "CBM 119 Extra"]
[Source "ChessBase"]
[SourceDate "2007.09.04"]
[SourceVersion "1"]
[SourceVersionDate "2007.09.04"]
[SourceQuality "1"]

1. e4 c5 2. Nf3 Nc6 3. Bb5 d6 4. 0-0 e5 5. c3 a6 6. Bxc6+ bxc6 7. d4 Qc7 8. Qa4 Rb8 9. dxe5 dxe5 10. Nbd2 Nf6 11. Nc4 Nd7 12. Qa5 Qxa5 13. Nxa5 Bb7 14. Rd1 f6 15. Be3 Be7 16. Nc4 Bc8 17. Na5 Rxb2 1/2-1/2

[Event "Senta op-A 10th"]
[Site "Senta"]
[Date "2006.07.24"]
[Round "5"]
[White "Kolar, Srecko"]
[Black "Krejic, Igor"]
[Result "1/2-1/2"]
[WhiteElo "2125"]
[BlackElo "2243"]
[PlyCount "80"]
[EventDate "2006.07.21"]
[EventType "swiss"]
[EventRounds "9"]
[EventCountry "YUG"]
[SourceTitle "CBM 113 Extra"]
[Source "ChessBase"]
[SourceDate "2006.09.14"]
[SourceVersion "1"]
[SourceVersionDate "2006.09.14"]
[SourceQuality "1"]

1. e4 d6 2. d4 Nf6 3. Nc3 g6 4. Bg5 Bg7 5. f4 c5 6. dxc5 Qa5 7. Qd2 Qxc5 8. Nf3 Nc6 9. 0-0-0 0-0 10. Kb1 a6 11. Bh4 Be6 12. Bd3 Rac8 13. Rhe1 Nb4 14. a3 Nxd3 15. cxd3 Bg4 16. Rc1 Qh5 17. Qf2 Bxf3 18. gxf3 Qa5 19. d4 e6 20. Rg1 b5 21. e5 dxe5 22. fxe5 Nd5 23. Nxd5 exd5 24. f4 b4 25. Qd2 Qb5 26. axb4 Rfe8 27. Rc5 Qb7 28. Rxc8 Rxc8 29. f5 Rc4 30. Be1 Qd7 31. e6 fxe6 32. fxg6 hxg6 33. Rxg6 Qf7 34. Qg2 Kf8 35. Qg5 Qf3 36. Ka2 Qd1 37. Qf4+ Kg8 38. Qg3 Qa4+ 39. Kb1 Qd1+ 40. Ka2 Qa4+ 1/2-1/2

[Event "Schwarzach op"]
[Site "Schwarzach"]
[Date "2005.08.??"]
[Round "2"]
[White "Kunin, Vitaly L"]
[Black "Kolar, Srecko"]
[Result "1-0"]
[WhiteElo "2439"]
[BlackElo "2123"]
[PlyCount "59"]
[EventDate "2005.08.??"]
[EventType "swiss"]
[EventRounds "9"]
[EventCountry "AUT"]
[SourceTitle "EXT 2007"]
[Source "ChessBase"]
[SourceDate "2006.11.23"]
[SourceVersion "1"]
[SourceVersionDate "2006.11.23"]
[SourceQuality "1"]

1. d4 Nf6 2. c4 g6 3. Nc3 Bg7 4. e4 0-0 5. Nge2 d6 6. Ng3 e5 7. d5 a5 8. h4 h6 9. Be2 Kh7 10. Be3 Ng8 11. h5 g5 12. Bg4 Ne7 13. Bxc8 Qxc8 14. c5 Nd7 15. cxd6 cxd6 16. Rc1 Qb8 17. Nb5 Rc8 18. Rxc8 Nxc8 19. Qf3 Kg8 20. Nf5 Bf8 21. 0-0 b6 22. b3 Nc5 23. a3 Na7 24. Nbxd6 Qc7 25. Nc4 Nxb3 26. Nxb6 Rb8 27. d6 Qd8 28. Nd5 Nc6 29. Nde7+ Bxe7 30. Nxh6+ 1-0

[Event "Zalakaros op 23rd"]
[Site "Zalakaros"]
[Date "2004.05.21"]
[Round "8"]
[White "Kolar, Srecko"]
[Black "Zoltan, Andras"]
[Result "1-0"]
[WhiteElo "2181"]
[BlackElo "2072"]
[PlyCount "64"]
[EventDate "2004.05.14"]
[EventType "swiss"]
[EventRounds "9"]
[EventCountry "HUN"]
[SourceTitle "EXT 2008"]
[Source "ChessBase"]
[SourceDate "2007.11.25"]
[SourceVersion "1"]
[SourceVersionDate "2007.11.25"]
[SourceQuality "1"]

1. e4 e5 2. d4 exd4 3. Qxd4 Nc6 4. Qe3 Nf6 5. Nc3 Bb4 6. Bd2 0-0 7. 0-0-0 Re8 8. Qg3 Nxe4 9. Nxe4 Rxe4 10. Nf3 Bxd2+ 11. Rxd2 d6 12. h3 Qf6 13. Bd3 Ra4 14. Re1 Be6 15. Ng5 Rxa2 16. Bxh7+ Kf8 17. Nxe6+ fxe6 18. c3 Ra1+ 19. Bb1 Ne5 20. Rd4 Ke7 21. Kd2 Rf8 22. f4 Nc6 23. Rde4 e5 24. f5 Qh6+ 25. R4e3 Ra4 26. Kd1 Ra1 27. Ke2 Qf6 28. Qg4 a5 29. Rg3 Rf7 30. Qe4 a4 31. Rf1 g5 32. h4 gxh4 1-0

[Event "Zalakaros op 23rd"]
[Site "Zalakaros"]
[Date "2004.05.20"]
[Round "7"]
[White "Fasser, Walter"]
[Black "Kolar, Srecko"]
[Result "1/2-1/2"]
[WhiteElo "2034"]
[BlackElo "2181"]
[PlyCount "151"]
[EventDate "2004.05.14"]
[EventType "swiss"]
[EventRounds "9"]
[EventCountry "HUN"]
[SourceTitle "EXT 2008"]
[Source "ChessBase"]
[SourceDate "2007.11.25"]
[SourceVersion "1"]
[SourceVersionDate "2007.11.25"]
[SourceQuality "1"]

1. Nf3 c5 2. c4 Nc6 3. Nc3 Nf6 4. g3 d5 5. cxd5 Nxd5 6. Bg2 Nb6 7. d3 e5 8. 0-0 Be7 9. Bd2 0-0 10. Rc1 c4 11. Ne1 Be6 12. Be3 Qd7 13. Bxb6 axb6 14. dxc4 Qxd1 15. Rxd1 Bxc4 16. Nc2 Rfd8 17. Rxd8+ Rxd8 18. Ne3 Ba6 19. Ned5 Bc5 20. Rb1 Bd4 21. e3 Bxc3 22. bxc3 Bc4 23. Nxb6 Bxa2 24. Ra1 Be6 25. c4 g6 26. Bd5 Rd6 27. Bxe6 Rxe6 28. c5 e4 29. Nc4 Ne5 30. Nxe5 Rxe5 31. Rb1 Re7 32. Rb6 Rc7 33. g4 Rxc5 34. Rxb7 Rg5 35. h3 h5 36. Kh2 hxg4 37. hxg4 Rxg4 38. Kh3 Rg5 39. Re7 f5 40. Kh2 Rh5+ 41. Kg3 Rh7 42. Re6 Kf7 43. Ra6 Rh1 44. Kg2 Re1 45. Rb6 Kg7 46. Ra6 Kh6 47. Ra8 Kh5 48. Rh8+ Kg4 49. Rg8 g5 50. Re8 Ra1 51. Re7 Ra4 52. Rg7 Ra6 53. Rg8 Kh5 54. Kg3 f4+ 55. exf4 Ra3+ 56. Kg2 gxf4 57. Re8 Ra4 58. Rh8+ Kg6 59. Rg8+ Kf5 60. Rf8+ Ke5 61. Re8+ Kd4 62. Rd8+ Kc3 63. Rf8 f3+ 64. Kg3 Kd3 65. Rb8 Rc4 66. Rb3+ Kd4 67. Ra3 Rb4 68. Re3 Rb7 69. Ra3 Rd7 70. Kf4 Rf7+ 71. Kg3 Rc7 72. Kf4 Rc4 73. Re3 Kd5 74. Ra3 Rb4 75. Re3 Rb7 76. Rxe4 1/2-1/2

[Event "Zalakaros op 23rd"]
[Site "Zalakaros"]
[Date "2004.05.16"]
[Round "3"]
[White "Tamas, Milan"]
[Black "Kolar, Srecko"]
[Result "0-1"]
[WhiteElo "1959"]
[BlackElo "2181"]
[PlyCount "56"]
[EventDate "2004.05.14"]
[EventType "swiss"]
[EventRounds "9"]
[EventCountry "HUN"]
[SourceTitle "EXT 2008"]
[Source "ChessBase"]
[SourceDate "2007.11.25"]
[SourceVersion "1"]
[SourceVersionDate "2007.11.25"]
[SourceQuality "1"]

1. e4 c6 2. d4 g6 3. Be3 Bg7 4. Qd2 Nf6 5. f3 d6 6. Nc3 Nbd7 7. g4 h5 8. g5 Nh7 9. h4 e5 10. 0-0-0 0-0 11. Nge2 Re8 12. Bg2 Qa5 13. Kb1 b5 14. Rde1 Nb6 15. b3 Qb4 16. Ka1 Nf8 17. Nb1 Qxd2 18. Nxd2 d5 19. Kb2 b4 20. Bh3 Ba6 21. dxe5 Bxe5+ 22. Kb1 dxe4 23. Nxe4 Nd5 24. Bc1 Rad8 25. Bb2 Kg7 26. Bxe5+ Rxe5 27. Nd4 Rxe4 28. fxe4 Nc3+ 0-1

[Event "Zalakaros op 23rd"]
[Site "Zalakaros"]
[Date "2004.05.15"]
[Round "2"]
[White "Kolar, Srecko"]
[Black "Papp, Gellert"]
[Result "0-1"]
[WhiteElo "2181"]
[BlackElo "2373"]
[PlyCount "58"]
[EventDate "2004.05.14"]
[EventType "swiss"]
[EventRounds "9"]
[EventCountry "HUN"]
[SourceTitle "EXT 2008"]
[Source "ChessBase"]
[SourceDate "2007.11.25"]
[SourceVersion "1"]
[SourceVersionDate "2007.11.25"]
[SourceQuality "1"]

1. e4 c5 2. Nf3 d6 3. d4 cxd4 4. Nxd4 Nf6 5. Nc3 a6 6. Bg5 e6 7. Bc4 Be7 8. Qf3 Nbd7 9. Bb3 Nc5 10. 0-0-0 Qc7 11. Kb1 0-0 12. g4 b5 13. Bxf6 Bxf6 14. Qe3 Bb7 15. a3 Qb6 16. g5 Bd8 17. h4 b4 18. axb4 Qxb4 19. h5 a5 20. h6 g6 21. Na2 Qb6 22. f3 Rb8 23. Qc3 e5 24. Ne2 Ba6 25. Nec1 Bxg5 26. Rdg1 Bxc1 27. Nxc1 Rfe8 28. Bd5 Na4 29. Qb3 Qd4 0-1

[Event "Zalakaros op 23rd"]
[Site "Zalakaros"]
[Date "2004.05.14"]
[Round "1"]
[White "Horvath, Daniel"]
[Black "Kolar, Srecko"]
[Result "0-1"]
[WhiteElo "1654"]
[BlackElo "2181"]
[PlyCount "69"]
[EventDate "2004.05.14"]
[EventType "swiss"]
[EventRounds "9"]
[EventCountry "HUN"]
[SourceTitle "EXT 2008"]
[Source "ChessBase"]
[SourceDate "2007.11.25"]
[SourceVersion "1"]
[SourceVersionDate "2007.11.25"]
[SourceQuality "1"]

1. e4 c6 2. d4 d5 3. Nc3 g6 4. Nf3 Bg7 5. Bf4 Bg4 6. exd5 cxd5 7. Nb5 Na6 8. Be2 Nf6 9. Be5 0-0 10. 0-0 Qb6 11. Qd3 Rac8 12. c3 Nb8 13. b3 Bf5 14. Qe3 a6 15. Na3 Ng4 16. Qd2 Nxe5 17. Nxe5 Qa5 18. Nb1 Bxb1 19. Raxb1 Qxc3 20. Qf4 Qa5 21. Bf3 e6 22. Ng4 Qc7 23. Nf6+ Bxf6 24. Qxf6 Nd7 25. Qg5 Qd8 26. Qe3 Qf6 27. Rbc1 Nb8 28. Rxc8 Rxc8 29. Rc1 Rxc1+ 30. Qxc1 Nc6 31. Qc3 Qxd4 32. Qc1 Kg7 33. g3 Nb4 34. Qc7 Nd3 35. Qc2 0-1

[Event "Bosnjaci op-B"]
[Site "Bosnjaci"]
[Date "2004.??.??"]
[Round "9"]
[White "Kozarcanin, Sead"]
[Black "Kolar, Srecko"]
[Result "1-0"]
[WhiteElo "2184"]
[BlackElo "2174"]
[PlyCount "79"]
[EventDate "2004.01.??"]
[EventType "swiss"]
[EventRounds "9"]
[EventCountry "CRO"]
[SourceTitle "EXT 2005"]
[Source "ChessBase"]
[SourceDate "2004.11.15"]
[SourceVersion "1"]
[SourceVersionDate "2004.11.15"]
[SourceQuality "1"]

1. Nf3 Nf6 2. d3 d5 3. Nbd2 c5 4. e4 Nc6 5. g3 g6 6. Bg2 Bg7 7. 0-0 0-0 8. Re1 e5 9. exd5 Nxd5 10. Ne4 b6 11. Bg5 f6 12. Bd2 a5 13. a3 Be6 14. h3 h6 15. Bc3 Kh7 16. Rb1 Ra7 17. Re2 f5 18. Ned2 Nxc3 19. bxc3 Rd7 20. Qe1 e4 21. dxe4 Bxc3 22. exf5 Bxf5 23. Qc1 a4 24. g4 Bxd2 25. Rxd2 Be4 26. Rxd7+ Qxd7 27. Ng5+ hxg5 28. Bxe4 Rf4 29. Qe3 Ne5 30. Rxb6 Qd1+ 31. Kg2 Kh6 32. f3 Rf7 33. Re6 Qa1 34. Qxc5 Rd7 35. Qf8+ Kh7 36. Re7+ Rxe7 37. Qxe7+ Kh6 38. Qf6 Kh7 39. Bxg6+ Kg8 40. Qxg5 1-0

[Event "Pula op 16th"]
[Site "Pula"]
[Date "2002.05.14"]
[Round "4"]
[White "Fercec, Nenad"]
[Black "Kolar, Srecko"]
[Result "1-0"]
[WhiteElo "2466"]
[BlackElo "2170"]
[PlyCount "91"]
[EventDate "2002.05.12"]
[EventType "swiss"]
[EventRounds "9"]
[EventCountry "CRO"]
[SourceTitle "CBM 088 Extra"]
[Source "ChessBase"]
[SourceDate "2002.07.01"]
[SourceVersion "2"]
[SourceVersionDate "2002.07.01"]
[SourceQuality "1"]

1. e4 Nc6 2. Nf3 d6 3. d4 Bg4 4. Be3 e5 5. Bb5 exd4 6. Qxd4 a6 7. Bxc6+ bxc6 8. Nbd2 c5 9. Qd3 f6 10. 0-0 Ne7 11. a3 Nc6 12. b4 cxb4 13. axb4 Bd7 14. Rfb1 Qc8 15. c4 Be7 16. b5 axb5 17. Rxa8 Qxa8 18. cxb5 Nd8 19. Nd4 Nf7 20. Qc4 Qc8 21. Rc1 Bd8 22. Qd5 0-0 23. Ra1 Be7 24. Ra7 Kh8 25. Qc4 Bd8 26. Qa2 Ne5 27. Ra8 Qb7 28. Qd5 Qxd5 29. exd5 Kg8 30. Nc6 Nxc6 31. dxc6 Be6 32. Ra7 Re8 33. f4 Kf8 34. Kf2 Re7 35. Nf3 g6 36. Nd4 Bd5 37. f5 Kf7 38. Ra8 Re8 39. Rc8 gxf5 40. b6 cxb6 41. c7 Bxc7 42. Rxc7+ Kg6 43. Ne2 Bf7 44. Bxb6 Rb8 45. Bd4 Rb4 46. Nf4+ 1-0